000 00755nam a2200289Ia 4500
005 20260324112953.0
008 008 260324s9999 xx 000 0 eng d
020 _a9781032688657
037 _aEBOOK
040 _aCRL
040 _beng
040 _cCRL
041 _2eng
041 _aeng
084 _qCRL
100 _aKoon Teck Koh; Tarkington J Newman; Muhammad Shufi Bin Salleh
_91144894
245 0 _aCoaching Values and Life Skills through Physical Education and Sports
245 2 _bA Practical Toolkit
260 _bTaylor and Francis
260 _c2024
365 _a
365 _b240
856 _uhttp://www.taylorfrancis.com/books/9781032688657
942 _cEBOOK
999 _c1734298
_d1734298